[Event "V4 Liptov 2017"]
[Site "?"]
[Date "2017.06.24"]
[Round "6.1"]
[White "Brnusak, Andrej"]
[Black "Kulesza, Andrzej"]
[Result "0-1"]
[BlackElo "1670"]
[WhiteElo "1881"]
[LiveChessVersion "1.4.8"]

1. e4 {[%clk 1:00:57]} c5 {[%clk 1:00:38]} 2. Be2 {[%clk 1:01:08]} d6
{[%clk 0:59:50]} 3. f4 {[%clk 1:01:16]} Nc6 {[%clk 0:58:52]} 4. Nf3
{[%clk 0:50:02]} Nf6 {[%clk 0:57:38]} 5. d3 {[%clk 0:50:00]} g6 {[%clk 0:56:25]}
6. O-O {[%clk 0:49:48]} Bg7 {[%clk 0:56:06]} 7. c3 {[%clk 0:48:48]} O-O
{[%clk 0:51:19]} 8. Na3 {[%clk 0:47:32]} a6 {[%clk 0:50:07]} 9. Nc2
{[%clk 0:46:32]} b5 {[%clk 0:49:07]} 10. a3 {[%clk 0:44:45]} Bb7 {[%clk 0:46:04]}
11. Qe1 {[%clk 0:43:12]} Rc8 {[%clk 0:46:04]} 12. Kh1 {[%clk 0:41:41]} Na5
{[%clk 0:42:44]} 13. Be3 c4 {[%clk 0:42:09]} 14. Bg1 {[%clk 0:34:02]} Nb3
{[%clk 0:41:03]} 15. Rd1 Qc7 16. e5 {[%clk 0:29:06]} Nd5 {[%clk 0:38:36]} 17.
dxc4 {[%clk 0:25:36]} bxc4 {[%clk 0:38:29]} 18. exd6 {[%clk 0:24:23]} exd6
{[%clk 0:38:50]} 19. Nfd4 {[%clk 0:22:48]} Nxd4 {[%clk 0:38:05]} 20. Nxd4
{[%clk 0:23:00]} Rfe8 {[%clk 0:37:54]} 21. Qd2 {[%clk 0:17:00]} f5
{[%clk 0:35:50]} 22. Bf3 {[%clk 0:13:41]} Nf6 {[%clk 0:35:24]} 23. Nc2
{[%clk 0:09:11]} Bxf3 {[%clk 0:33:51]} 24. Rxf3 {[%clk 0:09:27]} Ne4
{[%clk 0:33:59]} 25. Qd5+ {[%clk 0:08:21]} Qf7 {[%clk 0:33:57]} 26. Qxf7+
{[%clk 0:07:25]} Kxf7 {[%clk 0:34:25]} 27. Ne3 {[%clk 0:06:06]} Re7
{[%clk 0:33:52]} 28. Rd5 {[%clk 0:04:11]} Rb7 {[%clk 0:33:41]} 29. Nd1
{[%clk 0:03:58]} Rb5 {[%clk 0:33:13]} 30. Rxb5 {[%clk 0:03:46]} axb5
{[%clk 0:33:41]} 31. Nf2 {[%clk 0:02:50]} Re8 {[%clk 0:33:09]} 32. Re3 d5
{[%clk 0:32:23]} 33. Nxe4 {[%clk 0:01:21]} Rxe4 {[%clk 0:31:14]} 34. g3
{[%clk 0:00:55]} Ke6 {[%clk 0:30:45]} 35. Rxe4+ {[%clk 0:00:43]} fxe4
{[%clk 0:30:57]} 36. Bd4 {[%clk 0:00:38]} Bxd4 {[%clk 0:30:52]} 37. cxd4
{[%clk 0:01:02]} Kf5 {[%clk 0:30:34]} 38. Kg2 {[%clk 0:00:45]} h5
{[%clk 0:30:17]} 39. Kf2 {[%clk 0:00:36]} h4 {[%clk 0:30:37]} 40. Kg2
{[%clk 0:00:41]} hxg3 {[%clk 0:30:52]} 41. Kxg3 {[%clk 0:01:03]} e3
{[%clk 0:31:12]} 42. Kf3 {[%clk 0:01:27]} e2 {[%clk 0:31:37]} 43. Kxe2
{[%clk 0:01:50]} Kxf4 {[%clk 0:32:04]} 44. Kd2 {[%clk 0:01:16]} Ke4
{[%clk 0:31:58]} 45. Kc3 {[%clk 0:01:27]} g5 {[%clk 0:32:24]} 46. h3
{[%clk 0:00:44]} Ke3 {[%clk 0:32:16]} 47. Kb4 {[%clk 0:00:48]} Kxd4
{[%clk 0:32:41]} 48. Kxb5 {[%clk 0:01:14]} c3 {[%clk 0:32:45]} 49. bxc3+
{[%clk 0:01:38]} Kxc3 {[%clk 0:33:11]} 50. a4 {[%clk 0:01:49]} d4
{[%clk 0:33:34]} 51. a5 {[%clk 0:02:13]} d3 {[%clk 0:34:01]} 52. a6
{[%clk 0:02:35]} d2 {[%clk 0:34:25]} 53. a7 {[%clk 0:02:58]} d1=Q
{[%clk 0:34:50]} 54. a8=Q {[%clk 0:03:21]} Qd3+ {[%clk 0:34:57]} 55. Kc5
{[%clk 0:03:30]} Qd4+ {[%clk 0:35:18]} 56. Kb5 {[%clk 0:01:47]} Qb4+
{[%clk 0:35:43]} 57. Ka6 {[%clk 0:00:46]} Qa4+ {[%clk 0:36:08]} 0-1

[Event "V4 Liptov 2017"]
[Site "?"]
[Date "2017.06.24"]
[Round "6.2"]
[White "Sobelga, Lukasz"]
[Black "Holly, Andrej"]
[Result "1/2-1/2"]
[BlackElo "1817"]
[WhiteElo "1459"]
[LiveChessVersion "1.4.8"]

1. e4 {[%clk 1:00:59]} c5 {[%clk 1:00:56]} 2. Nf3 {[%clk 1:01:23]} Nc6
{[%clk 1:01:23]} 3. c3 {[%clk 1:00:28]} e6 {[%clk 1:00:50]} 4. Bb5
{[%clk 1:00:12]} Nge7 {[%clk 1:00:31]} 5. O-O {[%clk 1:00:05]} a6
{[%clk 1:00:17]} 6. Ba4 {[%clk 0:59:08]} b5 {[%clk 0:59:24]} 7. Bc2
{[%clk 0:59:24]} Bb7 {[%clk 0:58:27]} 8. d4 {[%clk 0:57:17]} cxd4
{[%clk 0:57:06]} 9. Nxd4 {[%clk 0:55:01]} Ng6 {[%clk 0:54:17]} 10. Be3
{[%clk 0:53:13]} d5 {[%clk 0:52:27]} 11. Re1 {[%clk 0:44:51]} Na5
{[%clk 0:44:16]} 12. Nd2 {[%clk 0:40:41]} Ne5 {[%clk 0:43:06]} 13. Bf4
{[%clk 0:36:51]} Nec4 {[%clk 0:39:38]} 14. Nxc4 {[%clk 0:36:27]} Nxc4
{[%clk 0:39:49]} 15. exd5 {[%clk 0:35:01]} Bxd5 {[%clk 0:39:13]} 16. Be4
{[%clk 0:32:58]} Bxe4 {[%clk 0:37:06]} 17. Rxe4 {[%clk 0:33:14]} Qd5
{[%clk 0:34:42]} 18. Qe2 {[%clk 0:30:54]} Nd6 {[%clk 0:27:19]} 19. Nxe6
{[%clk 0:23:04]} fxe6 {[%clk 0:20:04]} 20. Rxe6+ {[%clk 0:22:37]} Kf7
{[%clk 0:17:53]} 21. Re5 {[%clk 0:17:35]} Qc4 {[%clk 0:15:34]} 22. Qf3
{[%clk 0:16:19]} Be7 {[%clk 0:15:15]} 23. Rxe7+ {[%clk 0:13:01]} Kxe7
{[%clk 0:15:21]} 24. Re1+ {[%clk 0:13:11]} Kd7 {[%clk 0:14:17]} 25. Rd1
{[%clk 0:12:42]} Rhe8 {[%clk 0:11:19]} 26. Qg4+ {[%clk 0:10:43]} Ke7
{[%clk 0:09:29]} 27. Bxd6+ {[%clk 0:10:22]} Kf7 {[%clk 0:09:31]} 28. Qxc4+
{[%clk 0:03:09]} bxc4 {[%clk 0:09:59]} 29. Ba3 {[%clk 0:02:53]} Rad8
{[%clk 0:10:15]} 30. Rf1 {[%clk 0:02:55]} Rd2 {[%clk 0:10:05]} 31. g3
{[%clk 0:02:29]} Ree2 {[%clk 0:10:22]} 32. Kg2 {[%clk 0:02:16]} a5
{[%clk 0:10:30]} 33. Kf3 {[%clk 0:02:12]} a4 {[%clk 0:10:38]} 34. h4
{[%clk 0:02:30]} Ke6 {[%clk 0:09:33]} 35. g4 {[%clk 0:02:14]} h6 {[%clk 0:09:01]}
36. Kg3 {[%clk 0:01:29]} Ke5 {[%clk 0:09:09]} 37. h5 {[%clk 0:01:39]} Rxb2
{[%clk 0:06:58]} 38. Bxb2 {[%clk 0:02:01]} Rxb2 {[%clk 0:07:27]} 39. Rc1
{[%clk 0:01:07]} Rxa2 {[%clk 0:07:51]} 40. f3 {[%clk 0:01:34]} Kf6
{[%clk 0:08:13]} 41. Kf4 {[%clk 0:01:46]} a3 {[%clk 0:08:17]} 42. Ke4
{[%clk 0:02:03]} Rd2 {[%clk 0:08:32]} 43. Ra1 {[%clk 0:02:09]} a2
{[%clk 0:08:03]} 44. Ke3 {[%clk 0:02:04]} Rb2 {[%clk 0:08:29]} 45. f4
{[%clk 0:01:53]} Rg2 {[%clk 0:08:21]} 46. Kf3 {[%clk 0:02:04]} Rc2
{[%clk 0:08:05]} 47. Ke4 {[%clk 0:02:15]} Ke6 {[%clk 0:05:24]} 48. Kd4
{[%clk 0:02:01]} Rg2 {[%clk 0:05:14]} 49. g5 {[%clk 0:02:08]} hxg5
{[%clk 0:04:52]} 50. fxg5 {[%clk 0:02:31]} Rg4+ {[%clk 0:04:32]} 51. Kc5
{[%clk 0:02:41]} Rxg5+ {[%clk 0:04:21]} 52. Kxc4 {[%clk 0:03:01]} 1/2-1/2

[Event "V4 Liptov 2017"]
[Site "?"]
[Date "2017.06.24"]
[Round "6.3"]
[White "Brnusak, Tomas"]
[Black "Wasik, Mateusz"]
[Result "1-0"]
[BlackElo "1484"]
[WhiteElo "1796"]
[LiveChessVersion "1.4.8"]

1. d4 {[%clk 1:00:46]} Nf6 {[%clk 1:00:57]} 2. c4 {[%clk 1:00:54]} g6
{[%clk 1:01:11]} 3. Nc3 {[%clk 1:01:03]} d5 {[%clk 1:01:33]} 4. Nf3
{[%clk 0:59:40]} Bg7 {[%clk 1:01:54]} 5. Qb3 {[%clk 0:59:12]} c6 {[%clk 0:59:15]}
6. cxd5 {[%clk 0:58:14]} Nxd5 {[%clk 0:59:10]} 7. e4 {[%clk 0:56:27]} Nxc3
{[%clk 0:59:18]} 8. bxc3 {[%clk 0:56:21]} O-O {[%clk 0:59:42]} 9. Be2
{[%clk 0:54:57]} c5 {[%clk 0:58:59]} 10. Be3 {[%clk 0:54:24]} Nc6
{[%clk 0:59:16]} 11. d5 {[%clk 0:52:44]} Na5 {[%clk 0:59:10]} 12. Qc2
{[%clk 0:51:56]} Qc7 {[%clk 0:57:47]} 13. O-O {[%clk 0:50:54]} b6
{[%clk 0:55:37]} 14. Rad1 {[%clk 0:49:16]} Rd8 {[%clk 0:53:10]} 15. Qc1
{[%clk 0:47:20]} e6 {[%clk 0:47:56]} 16. c4 {[%clk 0:38:25]} exd5
{[%clk 0:47:23]} 17. cxd5 {[%clk 0:38:40]} Nb7 {[%clk 0:46:43]} 18. Bf4
{[%clk 0:37:19]} Qe7 {[%clk 0:46:16]} 19. e5 {[%clk 0:36:24]} Bg4
{[%clk 0:46:05]} 20. Rfe1 {[%clk 0:35:39]} Kh8 {[%clk 0:39:47]} 21. h3
{[%clk 0:34:22]} Bxf3 {[%clk 0:39:47]} 22. Bxf3 {[%clk 0:34:40]} Qf8
{[%clk 0:34:29]} 23. d6 {[%clk 0:29:52]} Rab8 {[%clk 0:34:32]} 24. d7
{[%clk 0:26:17]} h6 {[%clk 0:33:39]} 25. e6 {[%clk 0:26:24]} fxe6
{[%clk 0:33:39]} 26. Bxb8 {[%clk 0:26:45]} Rxb8 {[%clk 0:34:03]} 27. Bxb7
{[%clk 0:27:05]} Bd4 {[%clk 0:33:53]} 28. Rxd4 {[%clk 0:25:34]} cxd4
{[%clk 0:34:00]} 29. Rxe6 {[%clk 0:25:17]} d3 {[%clk 0:32:42]} 30. Re8
{[%clk 0:24:51]} Rxe8 {[%clk 0:32:33]} 31. dxe8=Q Qxe8 {[%clk 0:32:48]} 32. Qxh6+
{[%clk 0:25:39]} Kg8 {[%clk 0:33:11]} 33. Bd5+ {[%clk 0:26:03]} Qf7
{[%clk 0:33:33]} 34. Bxf7+ {[%clk 0:26:26]} 1-0

[Event "V4 Liptov 2017"]
[Site "?"]
[Date "2017.06.24"]
[Round "6.4"]
[White "Waszczuk, Patrycja"]
[Black "Korenova, Simona"]
[Result "1-0"]
[BlackElo "1701"]
[WhiteElo "1774"]
[LiveChessVersion "1.4.8"]

1. e4 {[%clk 1:00:58]} c5 {[%clk 1:00:55]} 2. Nf3 {[%clk 1:01:25]} d6
{[%clk 1:01:18]} 3. d4 {[%clk 1:01:52]} cxd4 {[%clk 1:01:41]} 4. Nxd4
{[%clk 1:02:19]} Nf6 {[%clk 1:01:58]} 5. Nc3 {[%clk 1:02:43]} g6 {[%clk 1:02:20]}
6. Be3 {[%clk 1:03:08]} Bg7 {[%clk 1:02:43]} 7. f3 {[%clk 1:03:34]} O-O
{[%clk 1:03:04]} 8. Qd2 {[%clk 1:03:57]} Nc6 {[%clk 1:03:22]} 9. O-O-O
{[%clk 1:04:19]} d5 {[%clk 1:00:38]} 10. exd5 {[%clk 1:04:27]} Nxd5
{[%clk 1:00:58]} 11. Nxc6 {[%clk 1:04:05]} bxc6 {[%clk 1:01:20]} 12. Bd4
{[%clk 1:04:26]} e6 {[%clk 0:47:42]} 13. Bxg7 {[%clk 1:02:16]} Kxg7
{[%clk 0:48:01]} 14. Ne4 {[%clk 0:57:21]} Qb6 {[%clk 0:42:31]} 15. c4
{[%clk 0:55:27]} Nc7 {[%clk 0:34:02]} 16. h4 {[%clk 0:53:38]} h6 {[%clk 0:26:15]}
17. h5 {[%clk 0:53:06]} g5 {[%clk 0:24:32]} 18. f4 {[%clk 0:51:51]} f6
{[%clk 0:17:33]} 19. fxg5 {[%clk 0:51:42]} hxg5 {[%clk 0:17:37]} 20. h6+
{[%clk 0:51:07]} Kh8 {[%clk 0:16:14]} 21. Nxf6 {[%clk 0:50:52]} Rxf6
{[%clk 0:16:31]} 22. Qd8+ {[%clk 0:51:16]} Kh7 {[%clk 0:12:23]} 23. Qe7+
{[%clk 0:50:59]} 1-0

[Event "V4 Liptov 2017"]
[Site "?"]
[Date "2017.06.24"]
[Round "6.5"]
[White "Klementowski, Dawid"]
[Black "Ochmyt, Jakub"]
[Result "1-0"]
[BlackElo "1711"]
[WhiteElo "1984"]
[LiveChessVersion "1.4.8"]

1. c4 {[%clk 1:00:42]} e5 {[%clk 1:00:34]} 2. g3 {[%clk 1:00:40]} Nf6
{[%clk 1:00:36]} 3. Bg2 {[%clk 1:00:55]} Bc5 {[%clk 1:00:19]} 4. Nc3
{[%clk 1:00:28]} Nc6 {[%clk 0:59:54]} 5. e3 {[%clk 1:00:24]} O-O {[%clk 0:57:43]}
6. Nge2 {[%clk 0:52:54]} Re8 {[%clk 0:54:16]} 7. d3 {[%clk 0:49:52]} d6
{[%clk 0:51:00]} 8. O-O {[%clk 0:49:46]} a6 {[%clk 0:50:39]} 9. a3
{[%clk 0:49:38]} a5 {[%clk 0:47:12]} 10. h3 {[%clk 0:45:11]} Be6 {[%clk 0:42:12]}
11. d4 {[%clk 0:42:07]} exd4 {[%clk 0:36:28]} 12. exd4 {[%clk 0:42:28]} Nxd4
{[%clk 0:29:21]} 13. Nxd4 {[%clk 0:41:28]} Bxc4 {[%clk 0:29:38]} 14. Be3
{[%clk 0:41:01]} Bxf1 {[%clk 0:29:19]} 15. Qxf1 {[%clk 0:41:18]} c6
{[%clk 0:29:11]} 16. Rd1 {[%clk 0:40:33]} Qc7 {[%clk 0:26:19]} 17. Qd3
{[%clk 0:36:06]} h6 {[%clk 0:24:02]} 18. Bf3 {[%clk 0:33:43]} Rad8
{[%clk 0:22:43]} 19. Kg2 {[%clk 0:32:29]} Nd7 {[%clk 0:19:59]} 20. Qf5
{[%clk 0:30:02]} Re5 {[%clk 0:17:59]} 21. Qc2 {[%clk 0:28:20]} Ree8
{[%clk 0:18:03]} 22. Ne4 {[%clk 0:21:27]} Bb6 {[%clk 0:16:03]} 23. Bf4
{[%clk 0:19:26]} Ne5 {[%clk 0:14:02]} 24. Be2 {[%clk 0:18:57]} d5
{[%clk 0:12:05]} 25. Nc5 {[%clk 0:14:46]} Qe7 {[%clk 0:11:49]} 26. b4
{[%clk 0:14:38]} axb4 {[%clk 0:09:16]} 27. axb4 {[%clk 0:15:00]} Bxc5
{[%clk 0:08:36]} 28. bxc5 {[%clk 0:14:55]} Qf6 {[%clk 0:03:47]} 29. Nf5
{[%clk 0:12:44]} g5 {[%clk 0:03:32]} 30. Be3 {[%clk 0:12:56]} Re6
{[%clk 0:02:01]} 31. Rb1 {[%clk 0:10:49]} Rd7 {[%clk 0:02:06]} 32. Bd4
{[%clk 0:10:14]} Qg6 {[%clk 0:02:03]} 33. g4 {[%clk 0:10:31]} f6 {[%clk 0:01:41]}
34. Rb2 {[%clk 0:09:40]} Qh7 {[%clk 0:01:39]} 35. Qa4 {[%clk 0:09:27]} Re8
{[%clk 0:01:44]} 36. Qc2 {[%clk 0:08:40]} Ra8 {[%clk 0:01:19]} 37. Qc3
{[%clk 0:07:56]} Re8 {[%clk 0:01:28]} 38. Ra2 {[%clk 0:06:04]} Ng6
{[%clk 0:01:24]} 39. Bd1 {[%clk 0:04:24]} Nf4+ {[%clk 0:01:02]} 40. Kg3
{[%clk 0:03:41]} h5 {[%clk 0:00:52]} 41. Bxf6 {[%clk 0:03:43]} hxg4
{[%clk 0:00:54]} 42. Bxg4 {[%clk 0:04:01]} Rf7 {[%clk 0:00:31]} 43. Nd6
{[%clk 0:02:49]} Qh4+ {[%clk 0:00:31]} 44. Kh2 {[%clk 0:03:12]} 1-0

[Event "V4 Liptov 2017"]
[Site "?"]
[Date "2017.06.24"]
[Round "6.6"]
[White "Szotkowski, David"]
[Black "Cieslak, Wiktoria"]
[Result "0-1"]
[BlackElo "1991"]
[WhiteElo "1901"]
[LiveChessVersion "1.4.8"]

1. d4 {[%clk 1:00:57]} Nf6 {[%clk 1:00:29]} 2. c4 {[%clk 1:01:18]} e6
{[%clk 1:00:55]} 3. Nc3 {[%clk 1:01:37]} Bb4 {[%clk 1:01:16]} 4. e3
{[%clk 1:01:05]} O-O {[%clk 1:01:12]} 5. Nge2 {[%clk 1:00:38]} b6
{[%clk 1:01:13]} 6. a3 {[%clk 1:00:08]} Be7 {[%clk 1:01:16]} 7. Ng3
{[%clk 0:56:56]} c5 {[%clk 0:58:14]} 8. Be2 {[%clk 0:55:30]} a6 {[%clk 0:53:08]}
9. Bf3 {[%clk 0:53:13]} Ra7 {[%clk 0:53:28]} 10. O-O {[%clk 0:53:05]} d6
{[%clk 0:50:58]} 11. b3 {[%clk 0:50:07]} e5 {[%clk 0:43:35]} 12. Bb2
{[%clk 0:46:48]} Bb7 {[%clk 0:40:29]} 13. Bxb7 {[%clk 0:39:23]} Rxb7
{[%clk 0:40:57]} 14. Qf3 {[%clk 0:39:28]} Qc7 {[%clk 0:40:09]} 15. dxe5
{[%clk 0:38:51]} dxe5 {[%clk 0:40:33]} 16. a4 {[%clk 0:38:02]} Qc6
{[%clk 0:37:01]} 17. Qxc6 {[%clk 0:36:40]} Nxc6 {[%clk 0:37:27]} 18. Rfd1
{[%clk 0:36:21]} g6 {[%clk 0:35:30]} 19. Nd5 {[%clk 0:35:06]} Rd8
{[%clk 0:35:02]} 20. Nxf6+ {[%clk 0:27:20]} Bxf6 {[%clk 0:35:05]} 21. Rxd8+
{[%clk 0:27:23]} Bxd8 {[%clk 0:35:22]} 22. Rd1 {[%clk 0:27:33]} Be7
{[%clk 0:35:07]} 23. Ne2 {[%clk 0:26:28]} b5 {[%clk 0:34:48]} 24. axb5
{[%clk 0:17:06]} axb5 {[%clk 0:35:14]} 25. Bc3 {[%clk 0:16:39]} b4
{[%clk 0:34:44]} 26. Bb2 {[%clk 0:16:54]} Ra7 {[%clk 0:34:41]} 27. f3
{[%clk 0:11:29]} f6 {[%clk 0:34:03]} 28. g4 {[%clk 0:10:32]} h6 {[%clk 0:33:56]}
29. f4 {[%clk 0:10:04]} Kf7 {[%clk 0:33:49]} 30. Kf2 {[%clk 0:10:13]} Ra2
{[%clk 0:33:36]} 31. Rd2 {[%clk 0:10:12]} exf4 {[%clk 0:33:24]} 32. exf4
{[%clk 0:09:54]} f5 {[%clk 0:31:43]} 33. gxf5 {[%clk 0:09:03]} gxf5
{[%clk 0:32:10]} 34. Nc1 {[%clk 0:07:40]} Ra7 {[%clk 0:31:12]} 35. Rd5
{[%clk 0:06:26]} Kg6 {[%clk 0:30:50]} 36. Nd3 {[%clk 0:04:38]} Na5
{[%clk 0:25:49]} 37. Nxc5 {[%clk 0:03:08]} Bxc5+ {[%clk 0:25:34]} 38. Rxc5
{[%clk 0:03:29]} Nxb3 {[%clk 0:25:58]} 39. Rc6+ {[%clk 0:03:32]} Kh5
{[%clk 0:25:38]} 40. Be5 {[%clk 0:02:51]} Nd2 {[%clk 0:25:24]} 41. Rb6
{[%clk 0:02:32]} Nxc4 {[%clk 0:23:47]} 42. Rxb4 {[%clk 0:02:54]} Ra2+
{[%clk 0:23:10]} 43. Kg3 {[%clk 0:02:59]} Nd2 {[%clk 0:22:51]} 44. Rb2
{[%clk 0:02:37]} Nf1+ {[%clk 0:19:40]} 45. Kg2 {[%clk 0:02:00]} Ne3+
{[%clk 0:20:03]} 46. Kf2 {[%clk 0:02:09]} Nd1+ {[%clk 0:20:26]} 0-1

[Event "V4 Liptov 2017"]
[Site "?"]
[Date "2017.06.24"]
[Round "6.7"]
[White "Galuszka, Tomasz"]
[Black "Demko, Robert"]
[Result "1-0"]
[BlackElo "1730"]
[WhiteElo "1808"]
[LiveChessVersion "1.4.8"]

1. e4 {[%clk 1:00:53]} c5 {[%clk 1:00:47]} 2. Nf3 {[%clk 1:01:19]} d6
{[%clk 1:01:13]} 3. g3 {[%clk 1:01:44]} Nf6 {[%clk 1:00:49]} 4. d3
{[%clk 1:02:07]} Nc6 {[%clk 1:00:46]} 5. Bg2 {[%clk 1:02:27]} g6 {[%clk 1:01:01]}
6. O-O {[%clk 1:02:39]} Bg7 {[%clk 1:01:26]} 7. Nbd2 {[%clk 1:02:45]} O-O
{[%clk 1:00:25]} 8. Re1 {[%clk 1:02:55]} Qc7 {[%clk 0:58:28]} 9. c3
{[%clk 1:02:28]} Ng4 {[%clk 0:51:18]} 10. h3 {[%clk 1:01:48]} Nge5
{[%clk 0:51:38]} 11. Nxe5 {[%clk 1:01:58]} Nxe5 {[%clk 0:51:44]} 12. Nf1
{[%clk 1:02:13]} c4 {[%clk 0:49:28]} 13. dxc4 {[%clk 0:53:36]} Nxc4
{[%clk 0:40:40]} 14. Ne3 {[%clk 0:51:45]} Be6 {[%clk 0:40:33]} 15. Nd5
{[%clk 0:46:53]} Bxd5 {[%clk 0:40:51]} 16. exd5 {[%clk 0:47:16]} Rfe8
{[%clk 0:36:10]} 17. a4 {[%clk 0:39:12]} a6 {[%clk 0:34:40]} 18. Bf1
{[%clk 0:37:11]} Rac8 {[%clk 0:28:54]} 19. Re4 {[%clk 0:30:28]} Ne5
{[%clk 0:25:46]} 20. Bg5 {[%clk 0:23:09]} h6 {[%clk 0:21:04]} 21. Bf4
{[%clk 0:22:52]} g5 {[%clk 0:19:05]} 22. Be3 {[%clk 0:20:37]} f5 {[%clk 0:18:05]}
23. Rb4 {[%clk 0:20:16]} Rf8 {[%clk 0:16:02]} 24. Be2 {[%clk 0:15:11]} Nd7
{[%clk 0:09:32]} 25. h4 {[%clk 0:14:23]} g4 {[%clk 0:09:14]} 26. Qd2
{[%clk 0:14:23]} Kh7 {[%clk 0:08:53]} 27. Qc2 {[%clk 0:12:43]} Kg8
{[%clk 0:08:29]} 28. Bd3 {[%clk 0:10:10]} f4 {[%clk 0:02:48]} 29. Rxf4
{[%clk 0:09:31]} Ne5 {[%clk 0:02:04]} 30. Bf5 {[%clk 0:08:07]} Rb8
{[%clk 0:01:41]} 31. Be6+ {[%clk 0:07:32]} Kh8 {[%clk 0:02:02]} 32. Kg2
{[%clk 0:07:17]} b5 {[%clk 0:02:03]} 33. axb5 {[%clk 0:06:49]} axb5
{[%clk 0:01:57]} 34. Ra7 {[%clk 0:06:39]} Rb7 {[%clk 0:02:16]} 35. Rxf8+
{[%clk 0:06:42]} Bxf8 {[%clk 0:02:39]} 36. Qf5 {[%clk 0:05:08]} Bg7
{[%clk 0:02:39]} 37. Rxb7 {[%clk 0:05:10]} Qxb7 {[%clk 0:03:07]} 38. Qh5
{[%clk 0:05:23]} Nd7 {[%clk 0:01:30]} 39. Qe8+ {[%clk 0:05:32]} Nf8
{[%clk 0:01:48]} 40. Bd4 {[%clk 0:04:59]} Kh7 {[%clk 0:01:47]} 41. Bf5+
{[%clk 0:02:28]} Kg8 {[%clk 0:01:30]} 42. Qc6 {[%clk 0:02:20]} Qb8
{[%clk 0:01:16]} 43. Bxg7 {[%clk 0:02:22]} Kxg7 {[%clk 0:01:42]} 44. Bxg4
{[%clk 0:02:43]} b4 {[%clk 0:01:25]} 45. cxb4 {[%clk 0:02:51]} Qxb4
{[%clk 0:01:44]} 46. Qc3+ {[%clk 0:03:14]} Qxc3 {[%clk 0:02:12]} 47. bxc3
{[%clk 0:03:37]} Kf6 {[%clk 0:02:33]} 48. f4 {[%clk 0:04:01]} Kg6
{[%clk 0:02:35]} 49. h5+ {[%clk 0:04:07]} Kg7 {[%clk 0:02:36]} 50. Bf5
{[%clk 0:04:29]} Kf7 {[%clk 0:02:40]} 51. Kf3 {[%clk 0:04:50]} Kf6
{[%clk 0:02:36]} 52. g4 {[%clk 0:05:13]} Kg7 {[%clk 0:02:42]} 53. Ke4
{[%clk 0:05:34]} Kf6 {[%clk 0:02:49]} 54. c4 {[%clk 0:06:00]} Kg7
{[%clk 0:03:04]} 55. g5 {[%clk 0:06:24]} hxg5 {[%clk 0:03:20]} 56. fxg5
{[%clk 0:06:49]} Kf7 {[%clk 0:03:19]} 57. h6 {[%clk 0:06:53]} Kg8
{[%clk 0:03:41]} 58. g6 {[%clk 0:07:11]} Nh7 {[%clk 0:02:19]} 59. Be6+ Kh8
{[%clk 0:02:16]} 60. g7# {[%clk 0:07:08]} 1-0

[Event "V4 Liptov 2017"]
[Site "?"]
[Date "2017.06.24"]
[Round "6.8"]
[White "Gresova, Zuzana"]
[Black "Adamczyk, Zuzanna"]
[Result "1-0"]
[BlackElo "1753"]
[WhiteElo "1859"]
[LiveChessVersion "1.4.8"]

1. d4 {[%clk 1:00:56]} Nf6 {[%clk 1:00:49]} 2. c4 {[%clk 1:01:11]} e6
{[%clk 1:00:54]} 3. Nc3 {[%clk 1:01:28]} Bb4 {[%clk 1:00:51]} 4. e3
{[%clk 1:01:35]} O-O {[%clk 1:00:31]} 5. Nge2 {[%clk 1:01:30]} b6
{[%clk 0:54:28]} 6. a3 {[%clk 0:59:23]} Bxc3+ {[%clk 0:51:43]} 7. Nxc3
{[%clk 0:59:26]} d5 {[%clk 0:51:48]} 8. cxd5 {[%clk 0:58:38]} exd5
{[%clk 0:50:39]} 9. Be2 {[%clk 0:54:30]} Bb7 {[%clk 0:49:45]} 10. b4
{[%clk 0:52:30]} Nbd7 {[%clk 0:49:05]} 11. O-O {[%clk 0:51:10]} Ne4
{[%clk 0:47:27]} 12. Bb2 {[%clk 0:44:15]} Ndf6 {[%clk 0:45:11]} 13. f3
{[%clk 0:43:03]} Nd6 {[%clk 0:43:08]} 14. Bd3 {[%clk 0:38:19]} Re8
{[%clk 0:34:29]} 15. Qd2 {[%clk 0:34:59]} Rc8 {[%clk 0:33:17]} 16. Rae1
{[%clk 0:30:28]} Qd7 {[%clk 0:24:27]} 17. Re2 {[%clk 0:24:07]} c5
{[%clk 0:22:17]} 18. bxc5 {[%clk 0:22:26]} bxc5 {[%clk 0:22:34]} 19. dxc5
{[%clk 0:20:32]} Rxc5 {[%clk 0:22:32]} 20. a4 {[%clk 0:18:50]} Nc4
{[%clk 0:20:31]} 21. Bxc4 {[%clk 0:17:10]} Rxc4 {[%clk 0:19:55]} 22. Rd1
{[%clk 0:15:19]} Bc6 {[%clk 0:15:49]} 23. Nb5 {[%clk 0:12:17]} Rxa4
{[%clk 0:11:43]} 24. Nd4 {[%clk 0:11:30]} Bb7 {[%clk 0:11:12]} 25. Rc1
{[%clk 0:10:19]} Rc8 {[%clk 0:10:20]} 26. Rxc8+ {[%clk 0:04:37]} Qxc8
{[%clk 0:10:14]} 27. Re1 {[%clk 0:04:12]} Rc4 {[%clk 0:09:46]} 28. Nb5
{[%clk 0:03:47]} Qc5 {[%clk 0:04:38]} 29. Qa5 {[%clk 0:02:22]} Qb6
{[%clk 0:04:51]} 30. Qxb6 {[%clk 0:01:56]} axb6 {[%clk 0:05:18]} 31. Bxf6
{[%clk 0:02:01]} gxf6 {[%clk 0:05:43]} 32. Rb1 {[%clk 0:02:21]} Rc6
{[%clk 0:04:03]} 33. Nd4 {[%clk 0:02:14]} Rd6 {[%clk 0:03:43]} 34. Rc1
{[%clk 0:02:36]} Rd7 {[%clk 0:03:40]} 35. Nf5 {[%clk 0:01:09]} b5
{[%clk 0:02:20]} 36. Rc5 {[%clk 0:01:05]} Kf8 {[%clk 0:01:22]} 37. Rxb5
{[%clk 0:01:14]} Bc8 {[%clk 0:01:36]} 38. Rb8 {[%clk 0:01:16]} Rd8
{[%clk 0:01:54]} 39. Kf2 {[%clk 0:00:58]} Ke8 {[%clk 0:01:55]} 40. Nd4
{[%clk 0:00:51]} Kd7 {[%clk 0:01:52]} 41. Rb6 {[%clk 0:00:58]} f5
{[%clk 0:01:19]} 42. Nxf5 {[%clk 0:00:52]} Kc7 {[%clk 0:01:19]} 43. Rf6
{[%clk 0:01:03]} Bxf5 {[%clk 0:01:44]} 44. Rxf5 {[%clk 0:01:25]} Rd7
{[%clk 0:02:06]} 45. Rf6 {[%clk 0:01:36]} Kd8 {[%clk 0:01:02]} 46. Rh6
{[%clk 0:01:56]} f5 {[%clk 0:01:17]} 47. Rf6 {[%clk 0:02:14]} Ke7
{[%clk 0:01:41]} 48. Rxf5 {[%clk 0:02:35]} d4 {[%clk 0:02:04]} 49. exd4
{[%clk 0:02:53]} Rxd4 {[%clk 0:02:18]} 50. Rh5 {[%clk 0:03:18]} Rd2+
{[%clk 0:02:28]} 51. Kg3 {[%clk 0:03:43]} Rd8 {[%clk 0:02:44]} 52. Rxh7+
{[%clk 0:04:08]} Kf6 {[%clk 0:03:09]} 53. Ra7 {[%clk 0:04:14]} Rg8+
{[%clk 0:03:26]} 54. Kf2 {[%clk 0:04:23]} Rh8 {[%clk 0:03:51]} 55. h3
{[%clk 0:04:39]} Rd8 {[%clk 0:03:58]} 56. g4 {[%clk 0:04:50]} 1-0